000 01016nam a2200277Ia 4500
001 Para_10048
003 CHAP
008 220125sNovi xx 000 0 und d
010 _a208734
040 _cCHAP
090 _aPA CD - TESIS 129
100 _aCárdenas Soriano, Arturo
_924098
245 _aResistencia de alpistillo (Phalaris minor Retz.) proveniente del estado de Sonora a los herbicidas clodinafop-propargyl Y pinoxaden /
_c Arturo Cárdenas Soriano; Director J. Antonio Tafoya Razo
260 _aChapingo, Méx. :
_b el autor
300 _a1 CDS ROM (44 p.)
502 _aTesis (Ing. Agr. Esp. en Parasitología Agrícola). UACh. Departamento Parasitología Agrícola
700 _aTafoya Razo, J. Antonio. Director
_9171337
710 _aUACh. Departamento Parasitología Agrícola
_9164025
901 _aPA CD - TESIS 129
902 _aM
905 _a513220Noviembre, 2011 amn 8100000000 06
910 _aNovi
942 _cPARA
942 _cPARA
_d2
999 _c208734
_d208734